The intellect industry : Profiting and learning from professional service firms
| Main Author: | |
|---|---|
| Format: | Book |
| Published: |
Chichester :
John Wiley & Sons ,
c1998
|
| Subjects: |
MARC
| LEADER | 00000cam a2200000 7i4500 | ||
|---|---|---|---|
| 001 | 0000009822 | ||
| 005 | 20050429.0 | ||
| 020 | |a 0471985031 | ||
| 040 | |a INS | ||
| 090 | 0 | 0 | |a HD62.65. |b S38 1998 |
| 100 | 1 | |a Scott, Mark C. | |
| 245 | 1 | 0 | |a The intellect industry : |b Profiting and learning from professional service firms |c Mark C. Scott |
| 260 | |a Chichester : |b John Wiley & Sons , |c c1998 | ||
| 300 | |a 188p. ; |c 24cm. | ||
| 650 | 0 | 0 | |a Consulting firms |x Management |
| 650 | 0 | 0 | |a Professional corporations |x Management |
| 999 | |a 0000008501 |b BOOK |c Open Shelf |e Default branch | ||